Geografía de España por letra - D - Estadísticas

Estadísticas generales
  • Esta prueba ha sido intentada 54 veces
  • La puntuación promedio es 6 de 15
Estadísticas de respuestas
Pista Respuesta % Correcto
Río cuya cuenca hidrográfica cubre 15 % de la superficie de España Duero
96%
Otro nombre para la ciudad de San Sebastián Donostia
94%
Parque nacional situado entre las provincias de Huelva, Sevilla y Cádiz Doñana
79%
Segundo municipio más poblado en el área metropolitana de Sevilla Dos Hermanas
72%
En Tabernas se ubica el único de este biomaen Europa Desierto
60%
Municipio vizcaíno que dio nombre a un estado mexicano Durango
49%
Municipio cuyas tablas forman un parque nacional Daimiel
47%
Capital de la Marina Alta que recibe muchas veraneantes Denia
34%
El distrito número 1 de Bilbao cuyo puente se conocía como el puente del Generalísimo Deusto
19%
Estación del Metro de Madrid nombrado por el primer conde de Belascoáin Diego de León
19%
Municipio situado en el Delta del Ebro Deltebro
13%
En esta ciudad aragonesa ocurrió el Milagro de los Corporales en 1239 Daroca
11%
Río que, con el Cares, ofrece actividades como pescar salmones o remar canoas Deva
11%
Denominación de origen protegida de Extremadura para jamón y paleta Dehesa de Extremadura
9%
Río que comparte su nombre con un parque natural en el norte de Jaén Despeñaperros
6%
No se encontraron pruebas coincidentes
Distribución de puntuación
Porcentaje de gente con cada puntuación
Porcentaje por número respondido
Historial de tus puntuaciones
No has intentado esta prueba.